[Event "Znojmo Rotunda op-B"]
[Site "Znojmo"]
[Date "2023.08.23"]
[Round "6"]
[White "Prucek, Ladislav"]
[Black "Dostal, Jiri"]
[Result "0-1"]
[WhiteElo "1837"]
[BlackElo "1652"]
[PlyCount "62"]
[EventDate "2023.08.19"]
[EventType "swiss"]
[EventRounds "9"]
[EventCountry "CZE"]
[SourceTitle "EXT 2024"]
[Source "ChessBase"]
[SourceDate "2023.10.10"]
[SourceVersion "1"]
[SourceVersionDate "2023.10.10"]
[SourceQuality "1"]

1. e4 c5 2. Nf3 a6 3. c3 e6 4. d4 d5 5. exd5 exd5 6. Be3 c4 7. b3 b5 8. a4 Bb7 9. Ne5 Nf6 10. axb5 axb5 11. Rxa8 Bxa8 12. bxc4 dxc4 13. Qc1 Qa5 14. Qb2 Nbd7 15. f3 Nxe5 16. dxe5 Nd5 17. Bd4 Be7 18. Be2 0-0 19. 0-0 Nf4 20. Re1 Rd8 21. Be3 Nd3 22. Bxd3 Rxd3 23. Qe2 b4 24. cxb4 Bxb4 25. Rc1 Rxe3 26. Qxc4 g6 27. Kf2 Rxe5 28. Qc8+ Kg7 29. Qb8 Bc5+ 30. Kg3 Rg5+ 31. Kh4 Bf2+ 0-1

[Event "Znojmo Rotunda op-B"]
[Site "Znojmo"]
[Date "2023.08.22"]
[Round "4"]
[White "Mayer, Josef"]
[Black "Dostal, Jiri"]
[Result "1-0"]
[WhiteElo "1846"]
[BlackElo "1652"]
[PlyCount "123"]
[EventDate "2023.08.19"]
[EventType "swiss"]
[EventRounds "9"]
[EventCountry "CZE"]
[SourceTitle "EXT 2024"]
[Source "ChessBase"]
[SourceDate "2023.10.10"]
[SourceVersion "1"]
[SourceVersionDate "2023.10.10"]
[SourceQuality "1"]

1. c4 e5 2. Nc3 Nf6 3. Nf3 Nc6 4. g3 d5 5. cxd5 Nxd5 6. Bg2 Nb6 7. 0-0 Be7 8. d3 0-0 9. a3 Be6 10. Be3 Nd5 11. Nxd5 Bxd5 12. Qa4 a6 13. Rac1 Qd7 14. Nxe5 Nxe5 15. Qxd7 Nxd7 16. Bxd5 c6 17. Bg2 Bf6 18. Rc2 Rad8 19. Bd2 Rfe8 20. Bc3 Re6 21. Bxf6 Nxf6 22. Rd1 Red6 23. Rc4 Nd5 24. Rdc1 Kf8 25. d4 f5 26. e3 g6 27. Rc5 Nf6 28. R1c3 Ne4 29. Bxe4 fxe4 30. Re5 Re8 31. Rxe8+ Kxe8 32. Rc5 Re6 33. Kg2 Kf7 34. h4 b6 35. Rc3 h5 36. Rb3 b5 37. Rc3 Ke7 38. Rc5 Kd6 39. Rg5 Rf6 40. Re5 Re6 41. Rxe6+ Kxe6 42. f3 Kd5 43. fxe4+ Kxe4 44. Kf2 a5 45. Ke2 a4 46. Kf2 Kd3 47. Kf3 Kc2 48. e4 Kxb2 49. e5 Kxa3 50. e6 Kb2 51. e7 a3 52. e8Q a2 53. Qe2+ Kb1 54. Qd1+ Kb2 55. Qd2+ Kb1 56. Qb4+ Kc2 57. Qa3 Kb1 58. Qb3+ Ka1 59. Ke2 c5 60. Kd1 c4 61. Qc3+ Kb1 62. Qc1# 1-0

[Event "Znojmo Rotunda op-B"]
[Site "Znojmo"]
[Date "2023.08.20"]
[Round "2"]
[White "Kruzikova, Eliska"]
[Black "Dostal, Jiri"]
[Result "0-1"]
[WhiteElo "1110"]
[BlackElo "1652"]
[PlyCount "96"]
[EventDate "2023.08.19"]
[EventType "swiss"]
[EventRounds "9"]
[EventCountry "CZE"]
[SourceTitle "EXT 2024"]
[Source "ChessBase"]
[SourceDate "2023.10.10"]
[SourceVersion "1"]
[SourceVersionDate "2023.10.10"]
[SourceQuality "1"]

1. e4 c5 2. Nf3 a6 3. Nc3 b5 4. b3 Bb7 5. d3 e6 6. Be3 Nf6 7. g3 Be7 8. Bg2 Ng4 9. Qe2 Nxe3 10. Qxe3 Qa5 11. Qd2 Bf6 12. d4 cxd4 13. Nxd4 Nc6 14. e5 Bxe5 15. Bxc6 Bxc6 16. Rg1 Rc8 17. Qe3 Bf6 18. g4 Bb7 19. Kd2 Qb4 20. a3 Qxd4+ 21. Qxd4 Bxd4 22. Rg3 0-0 23. Rd1 Bxc3+ 24. Rxc3 Rxc3 25. Kxc3 Rc8+ 26. Kb2 Be4 27. c3 d5 28. h4 Kf8 29. Rd4 e5 30. Rd2 Ke7 31. g5 f6 32. gxf6+ gxf6 33. b4 Rg8 34. Rd1 Rg2 35. Rd2 Rh2 36. Kb3 Rxh4 37. a4 h5 38. axb5 axb5 39. Ra2 Rf4 40. Ra7+ Ke6 41. Ra6+ Kf5 42. Ra2 h4 43. Rd2 h3 44. Kb2 Rh4 45. f3 Bxf3 46. Rf2 Kf4 47. Kc2 h2 48. Rxh2 Rxh2+ 0-1

[Event "Znojmo Rotunda op-B"]
[Site "Znojmo"]
[Date "2023.08.19"]
[Round "1"]
[White "Dostal, Jiri"]
[Black "Richterova, Natasa1111"]
[Result "1-0"]
[WhiteElo "1652"]
[BlackElo "1251"]
[PlyCount "115"]
[EventDate "2023.08.19"]
[EventType "swiss"]
[EventRounds "9"]
[EventCountry "CZE"]
[SourceTitle "EXT 2024"]
[Source "ChessBase"]
[SourceDate "2023.10.10"]
[SourceVersion "1"]
[SourceVersionDate "2023.10.10"]
[SourceQuality "1"]

1. e4 d5 2. exd5 Qxd5 3. Nc3 Qd6 4. d4 c6 5. Nf3 Bg4 6. Be2 Nf6 7. h3 Bh5 8. Be3 Qc7 9. Ne5 Bxe2 10. Qxe2 e6 11. 0-0 h6 12. Qc4 Bd6 13. f4 0-0 14. Rae1 Nbd7 15. f5 Nb6 16. Qd3 Rae8 17. fxe6 Rxe6 18. Nc4 Bg3 19. Re2 Nbd5 20. Nxd5 Nxd5 21. Bd2 Rfe8 22. Rxe6 Rxe6 23. Rf3 Bf4 24. Ne3 Bxe3+ 25. Bxe3 Nxe3 26. Rxe3 Qe7 27. Rxe6 Qxe6 28. b3 Qe1+ 29. Kh2 Qe6 30. c4 Qd6+ 31. g3 Qf6 32. Kg2 Qe7 33. h4 h5 34. Kf2 g6 35. Qe3 Qf6+ 36. Ke2 Kg7 37. Kd2 Kf8 38. Kd3 Qf1+ 39. Qe2 Qf5+ 40. Kc3 Qa5+ 41. Kb2 Qd8 42. Qe5 Qd7 43. Kc3 Qe6 44. Qxe6 fxe6 45. Kd3 Kf7 46. Ke4 Kf6 47. Kf4 a5 48. c5 Kf7 49. Ke5 Ke7 50. a3 Kf7 51. Kd6 Kf6 52. Kc7 Kf5 53. Kxb7 Ke4 54. Kxc6 Kxd4 55. Kb5 e5 56. c6 e4 57. c7 e3 58. c8Q 1-0